000 01103nam a2200301 i 4500
001 000041179
003 DO-SdBNP
005 20250916090748.0
007 ta
008 130705s2007 dr 000 0 spa d
040 _aDO-SdBNP
_bspa
_cBNPHU
_erda
041 _aspa
082 _axxx
_bF727
_222
111 2 _aForo Presidencial por la Excelencia de la Educación
_d(2006 :
_cSanto Domingo)
_956821
245 1 0 _aSituación de los recursos naturales y el medio ambiente :
_bpropuesta concretas para su abordajes /
_ccoordinador Domingo A. Carrasco.
264 1 _aSanto Domingo :
_bSEESCyT,
_c2007.
300 _a38 páginas ;
_c22 cm.
336 _atexto
_btxt
_2rdacontent
337 _asin mediación
_bn
_2rdamedia
338 _avolumen
_bnc
_2rdacarrier
490 1 _aMesas de trabajo de la SEESCyT
504 _aBibliografía : p. 37-38
590 _aInventariado, 2025/ YL
700 1 _aCarrasco, Domingo A.
_ecoordinador
_4co.
_967742
710 1 _aRepública Dominicana.
_bSecretaría de Estado de Educación Superior, Ciencia y Tecnología
_918778
910 _aYlockward
942 _2ddc
_cLF2
999 _c40669
_d40669